|
|
|
|
| LEADER |
01193nam a2200301 a 4500 |
| 001 |
14375898 |
| 008 |
120619s2006 enkab b 001 0 eng d |
| 010 |
|
|
|a 2006389031
|
| 020 |
|
|
|a 0070636133
|
| 020 |
|
|
|a 9780335218424
|
| 020 |
|
|
|a 0335218423
|
| 040 |
|
|
|a UKM
|c UKM
|d BAKER
|d NNU
|d DLC
|d BD-DhAAL
|
| 042 |
|
|
|a lccopycat
|
| 050 |
0 |
0 |
|a RA566.26
|b .E566 2006
|
| 082 |
0 |
0 |
|a 614.5/99072
|2 22
|
| 245 |
0 |
0 |
|a Environmental epidemiology /
|c edited by Paul Wilkinson.
|
| 260 |
|
|
|a Maidenhead, Berkshire, England :
|b Open University Press :
|a New Delhi ;
|b Tata McGraw-Hill,
|c 2006.
|
| 300 |
|
|
|a viii, 220 p. :
|b ill., maps ;
|c 24 cm.
|
| 490 |
0 |
|
|a Understanding public health
|
| 504 |
|
|
|a Includes bibliographical references and index.
|
| 541 |
|
|
|e 00025380
|
| 650 |
|
0 |
|a Environmental health
|x Research
|x Methodology.
|
| 650 |
|
0 |
|a Environmentally induced diseases
|x Epidemiology
|x Research
|x Methodology.
|
| 650 |
|
0 |
|a Indicators (Biology)
|
| 700 |
1 |
|
|a Wilkinson, Paul,
|c Dr.
|
| 852 |
1 |
|
|a Ayesha Abed Library
|c General shelf.
|
| 999 |
|
|
|c 12403
|d 12403
|
| 952 |
|
|
|0 0
|1 0
|2 ddc
|4 0
|6 614_599072000000000_ENV
|7 0
|9 20533
|a JPGSPH
|b JPGSPH
|c GEN
|d 2012-06-20
|l 0
|o 614.599072 ENV
|p 3060025380
|r 2012-06-20
|t 1
|w 2012-06-20
|y BK
|